000 00476nam a2200181Ia 4500
001 1120
005 20260306140608.0
008 260306t1994||||xx |||||||||||||| ||spa||
041 _aESP
082 _a183.2
_bJ39L
100 _aJenofonte
_eAUT
245 0 _aLa expedición de los diez mil recuerdos de sócrates:
_bel banquete, apología de Sócrates
260 _c1994
300 _a239 páginas :
_c22 cm.
650 _aGEN
654 _aCHU
942 _cLIB
_dJUS
_fJUS
_2ddc
_n
999 _c1120
_d1120